Majsterský list pre vedúceho prevádzky.

Krúžky kvality. Ciele krúžkov kvality. Ciele učenia sa. Ciele zvyšovania produktivity a zlepšovania kvality. V čom vidia Japonci najvlastnejšie ciele krúžkov kvality.

Na minha lista:
Detalhes bibliográficos
Autor principal: Engel, P.
Formato: Capítulo de Livro
Idioma:eslovaco
Assuntos:
Tags: Adicionar Tag
Sem tags, seja o primeiro a adicionar uma tag!

MARC

LEADER 00000naa a2200000 4500
001 r011857
005 20220826093950.5
041 0 |a slo 
044 |a [CS] 
245 1 0 |a Majsterský list pre vedúceho prevádzky.  |c P. Engel 
520 |a Krúžky kvality. Ciele krúžkov kvality. Ciele učenia sa. Ciele zvyšovania produktivity a zlepšovania kvality. V čom vidia Japonci najvlastnejšie ciele krúžkov kvality. 
610 2 0 |a kvalita 
610 2 0 |a kontrola kvality 
610 2 0 |a podnik 
610 2 0 |a skupiny pracovné 
610 2 0 |a Japonsko 
610 2 0 |a Európske spoločenstvo vedúcich 
100 1 |a Engel, P.